Spiritual discourses : (Record no. 178768)

000 -LEADER
fixed length control field 01115 a2200169 4500
003 - CONTROL NUMBER IDENTIFIER
control field NUST
005 - DATE AND TIME OF LATEST TRANSACTION
control field 20221209142405.0
040 ## - CATALOGING SOURCE
Transcribing agency Nust
082 ## - DEWEY DECIMAL CLASSIFICATION NUMBER
Classification number 297.5,USM
100 ## - MAIN ENTRY--PERSONAL NAME
Personal name Usmani., Muhammad Taqi
9 (RLIN) 78221
245 ## - TITLE STATEMENT
Title Spiritual discourses :
Remainder of title a corrective course of manners and inner character /
Statement of responsibility, etc. Muhammad Taqi Usmani.
260 ## - PUBLICATION, DISTRIBUTION, ETC.
Place of publication, distribution, etc. karchi
Name of publisher, distributor, etc. Darul Ishaat
Date of publication, distribution, etc. 2001
300 ## - PHYSICAL DESCRIPTION
Extent 269 .P:
505 ## - FORMATTED CONTENTS NOTE
Formatted contents note Reality of Tasawwuf (Page-25), Correcting the Raza'il (Page-37), Mujahidah and Riyadah (Page-51), Correcting the Inner Character (Page-63), The Wicked Look and Its cure (Page-78), Backbiting and the Treatment (Page-98), How to Abstain from Backbiting (Page-112), A Confused Condition (Page-127), How to Seek Forgiveness for Backbiting (PAge-137), The Permitted BackBiting Page-151), Misgiving and Prying and the Cure (Page-168), Treatment of Suspicion and Spying (Page-179), Pride and Arrogance and The Cure (Page-1930, Kinds of Proud Nature (Page-211), Another Remedy for Pride (Page-227)Do Not Regard the Sinner with Scorn (Page-245).
650 ## - SUBJECT ADDED ENTRY--TOPICAL TERM
Topical term or geographic name entry element Spiritual Discourses
9 (RLIN) 104554
942 ## - ADDED ENTRY ELEMENTS (KOHA)
Source of classification or shelving scheme
Koha item type Book
Call number prefix 297.5,USM
Holdings
Withdrawn status Lost status Source of classification or shelving scheme Damaged status Not for loan Permanent Location Current Location Shelving location Date acquired Total Checkouts Full call number Barcode Checked out Date last seen Date last checked out Price effective from Koha item type Public note
          Military College of Signals (MCS) Military College of Signals (MCS) General Stacks 12/12/2016 1 297.5,USM MCS31328 10/28/2025 06/30/2025 06/30/2025 12/12/2016 Book Almirah No.47, Shelf No.4
© 2023 Central Library, National University of Sciences and Technology. All Rights Reserved.